| 000 | 00472nam a2200205Ia 4500 | ||
|---|---|---|---|
| 008 | 210210b xxu||||| |||| 00| 0 eng d | ||
| 041 | _aeng | ||
| 082 | _a520/96 | ||
| 100 | _aJOHNSON (Martin) | ||
| 245 | _aAstronomy of stellar energy and decay | ||
| 260 |
_aLondon _bFaber & Faber _c |
||
| 300 | _a216 | ||
| 650 | _astellar | ||
| 650 | _aenergy | ||
| 650 | _adecay | ||
| 650 | _aAstronomy | ||
| 690 | _aAstronomy | ||
| 700 | _aSTRATTON (F J M) | ||
| 906 | _a008081 | ||
| 999 |
_c125959 _d125959 |
||